000 00855nas a2200265 4500
001 BR7902644
003 BR-BrBNA
005 20231205083714.0
007 ta
008 230509b bl.|||p| |||| 00| 00por d
040 _aBR-BrBNA
_bpor
_cBiblioteca Nacional de Agricultura
041 _a(Pt)
072 _aK10; F60
100 1 _aAguiar, I.B. de
100 1 _aMello, H. do A.
100 1 _aKronka, S. do N.
245 1 _aEfeitos de metodos de secagem de frutos de Eucalyptus saligna sm. sobre as caracteristicas fisiologicas das sementes obtidas [Eucalipto; Poder germinativo; Brasil]
650 _aEUCALIPTO
650 _aSEMENTE
650 _aSECAGEM
650 _aPODER GERMINATIVO
773 0 _tIPEF (Brazil)
_xISSN 0100-4557
_g(Jun 1978), (no. 16) p. 16-33
_wBR7902644
909 _a202311
_bLúcia
_c55
_dLúcia Elande
942 _2AGRIS
_n0
_cANA
999 _c100679
_d100679